Biblioteca

Quebrantamiento sexual y relacional / Andrew Comiskey (Registro nro. 42356)

Detalles MARC
000 -LÍDER
Campo fijo de descripción fija 006470000a22001930004500
041 0# - CÓDIGO DE IDIOMA
Código de idioma para texto/pista de sonido o título separado
082 04 - NÚMERO DE CLASIFICACIÓN DECIMAL DEWEY
Número de clasificación G 261.835 C7334q
001 - NÚMERO DE CONTROL
Campo de control 13377
100 1# - ASIENTO PRINCIPAL--NOMBRE PERSONAL
Nombre personal Comiskey, Andrew
245 10 - TÍTULO
Título del Material Quebrantamiento sexual y relacional / Andrew Comiskey
260 ## - PUBLICACIÓN, DISTRIBUCIÓN, ETC. (PIE DE IMPRENTA)
Lugar de publicación, distribución, etc. Medellín : [S. N.]
300 ## - DESCRIPCIÓN FÍSICA
Extensión Pag. varía
336 ## - CONTENT TYPE
Content type term texto
Content type code txt
Source rdacontent
337 ## - MEDIA TYPE
Source rdamedia
Media type term sin mediación
Media type code n
338 ## - CARRIER TYPE
Source rdacarrier
Carrier type term volumen
Carrier type code nc
500 ## - NOTA GENERAL
Nota General Tercer Seminario Nacional para Pastores, Consejeros y Psicólogos Cristianos. Medellín, Colombia. 11-15 de Abril de 2005
650 14 - ASIENTO SECUNDARIO DE MATERIA - TERMINO TEMÁTICO
Término temático o nombre geográfico como elemento de entrada SEXO (TEOLOGIA) \ HOMOSEXUALIDAD \ DESVIACIONES SEXUALES
942 ## - TIPO DE MATERIAL (KOHA)
Tipo de Item KOHA Libros General
Existencias
Estado de Material Estado de Perdido Estado de Dañado No para Préstamo Colección Tomo Biblioteca de Origen Biblioteca Permanente Fecha de Adquisición Total de Préstamos Total de Renovaciones Signatura Topográfica Código de Barras Última vez visto Última vez Préstado Ejemplar/Existencia Fecha de Remplazo Tipo de Material
        Colección General   Biblioteca FUSBC Biblioteca FUSBC 16/11/2005 3 3 G 261.835 C7334q 15486 03/10/2025 02/09/2025 1 26/01/2016 Libros General

Biblioteca FUSBC | Teléfono: (57+4) 349 88 10 Ext. 141| WhatsApp (+57) 3005338115 
E-mail: biblioteca@unisbc.edu.co | Calle 76 87-14 Robledo Palenque, Medellín, Colombia

Con tecnología Koha